| 000 | 00758nam a22001937a 4500 | ||
|---|---|---|---|
| 999 |
_c19349 _d19349 |
||
| 008 | 240223b ||||| |||| 00| 0 eng d | ||
| 020 | _a9781119862796 | ||
| 082 |
_aDC 370.1523 _bSa563 2023 |
||
| 100 |
_aSanders, Sarah Connell _953301 |
||
| 245 |
_aSmall teaching K-8 : _blighting your load with the science of learning / _cSarah Connell Sanders and James M. Lang. |
||
| 260 |
_aHoboken, NJ : _bJossey-Bass, _c©2023. |
||
| 300 |
_axxii, 250 pages ; _c23 cm. |
||
| 500 | _aIncludes bibliographical references and index. | ||
| 650 |
_aCognitive learning. _921126 |
||
| 650 |
_aElementary education _xResearch. _953302 |
||
| 650 |
_aThought and thinking _vStudy and teaching. _953303 |
||
| 700 |
_aLang, James M. _eauthor. _953304 |
||
| 942 |
_2ddc _cDC |
||